[Event "LTU-chT (Women)"]
[Site "Lithuania"]
[Date "2023.04.22"]
[Round "5"]
[White "Martynkova, Olena"]
[Black "Savickiene, Viktorija"]
[Result "1-0"]
[WhiteElo "2236"]
[BlackElo "1924"]
[PlyCount "97"]
[EventDate "2023.03.04"]
[EventType "team-swiss"]
[EventRounds "6"]
[EventCountry "LTU"]
[SourceTitle "EXT 2024"]
[Source "ChessBase"]
[SourceDate "2023.10.10"]
[SourceVersion "1"]
[SourceVersionDate "2023.10.10"]
[SourceQuality "1"]
[WhiteTeam "Panevezys (W)"]
[BlackTeam "Kaunas Margiris (W)"]
[WhiteTeamCountry "LTU"]
[BlackTeamCountry "LTU"]

1. Nf3 Nf6 2. c4 c6 3. d4 d5 4. Nc3 e6 5. e3 Bd6 6. Bd3 0-0 7. 0-0 Nbd7 8. e4 dxe4 9. Nxe4 Nxe4 10. Bxe4 Nf6 11. Bc2 Qc7 12. Bg5 Be7 13. Qd3 g6 14. Ne5 c5 15. Rfe1 Rd8 16. Qf3 Kg7 17. dxc5 Bd7 18. b4 Be8 19. Qc3 Kg8 20. Nxg6 fxg6 21. Bxf6 Bxf6 22. Qxf6 Bf7 23. Rad1 Rxd1 24. Rxd1 e5 25. Ba4 Be8 26. Qe6+ Bf7 27. Qd6 Rc8 28. Bd7 Qxd6 29. Rxd6 Rc7 30. Be6 Kf8 31. Bxf7 Kxf7 32. g3 Ke7 33. Kg2 a5 34. a3 axb4 35. axb4 e4 36. Rd4 Rc6 37. Rxe4+ Kd7 38. Rh4 h5 39. Rd4+ Ke7 40. Rd6 Rc8 41. Rxg6 Kf7 42. Rh6 Rd8 43. Rxh5 Rd4 44. Rh4 Rd2 45. Rh7+ Ke6 46. Rxb7 Rc2 47. b5 Rxc4 48. c6 Kd6 49. c7 1-0

[Event "LTU-ch (Women)"]
[Site "Kaunas"]
[Date "2018.03.07"]
[Round "6"]
[White "Perminaite, Guoda"]
[Black "Savickiene, Viktorija"]
[Result "1-0"]
[WhiteElo "1806"]
[BlackElo "1944"]
[PlyCount "177"]
[EventDate "2018.03.02"]
[EventType "swiss"]
[EventRounds "7"]
[EventCountry "LTU"]
[SourceTitle "EXT 2019"]
[Source "ChessBase"]
[SourceDate "2018.10.10"]
[SourceVersion "1"]
[SourceVersionDate "2018.10.10"]
[SourceQuality "1"]

1. e4 e6 2. d4 d5 3. Nc3 dxe4 4. Nxe4 Bd7 5. Nf3 Bc6 6. Bd3 Bxe4 7. Bxe4 c6 8. 0-0 Nf6 9. Bg5 Be7 10. Bd3 Nbd7 11. c3 Nd5 12. Bd2 0-0 13. b4 Qc7 14. Qc2 N5f6 15. Rfe1 Bd6 16. c4 Rfe8 17. h3 Nf8 18. a4 Rad8 19. Bc3 Ng6 20. a5 Nf4 21. Bf1 Qe7 22. Rab1 Bb8 23. g3 Ng6 24. Bg2 Qc7 25. Ne5 Nd7 26. Nxd7 Rxd7 27. Qb3 Red8 28. Rbd1 h5 29. d5 h4 30. dxe6 fxe6 31. Rxd7 Qxd7 32. Qc2 Qd3 33. Be4 Qxc2 34. Bxc2 Kf7 35. Bxg6+ Kxg6 36. Rxe6+ Kf7 37. Re3 hxg3 38. fxg3 Rd1+ 39. Kg2 Rb1 40. Kf3 Bd6 41. c5 Bf8 42. Kg4 Rc1 43. h4 Kg8 44. Kf5 Kf7 45. Rf3 Be7 46. Kg4+ Bf6 47. Bxf6 gxf6 48. Kf5 Rd1 49. h5 Rd5+ 50. Kg4 Kg7 51. Rf5 Rd1 52. Rf4 Kf7 53. Re4 Rd5 54. Rf4 Rd1 55. Kf3 Rd3+ 56. Kg2 Kg7 57. Kh3 Rd1 58. h6+ Kg6 59. Rh4 Kh7 60. Kg4 Rd5 61. Kf4 b6 62. axb6 axb6 63. cxb6 Rb5 64. Ke3 Rxb6 65. Rf4 Kxh6 66. Rxf6+ Kg5 67. Rf4 Rb5 68. Rc4 Re5+ 69. Kd4 Rd5+ 70. Kc3 Rd6 71. Rd4 Re6 72. Kc4 Kf5 73. Kc5 Ke5 74. Rd1 Rg6 75. Re1+ Kf5 76. Re3 Rh6 77. Rc3 Ke4 78. g4 Rg6 79. Rc1 Kf4 80. Rc4+ Ke5 81. Kb6 Kd5 82. Rc5+ Kd4 83. Rxc6 Rxg4 84. b5 Kd5 85. Kb7 Rb4 86. b6 Rb1 87. Kc7 Rb2 88. b7 Rb1 89. Rc2 1-0

[Event "LTU-ch (Women)"]
[Site "Kaunas"]
[Date "2018.03.05"]
[Round "4"]
[White "Savickiene, Viktorija"]
[Black "Sibajeva, Marija"]
[Result "1/2-1/2"]
[WhiteElo "1944"]
[BlackElo "1953"]
[PlyCount "87"]
[EventDate "2018.03.02"]
[EventType "swiss"]
[EventRounds "7"]
[EventCountry "LTU"]
[SourceTitle "EXT 2019"]
[Source "ChessBase"]
[SourceDate "2018.10.10"]
[SourceVersion "1"]
[SourceVersionDate "2018.10.10"]
[SourceQuality "1"]

1. d4 Nf6 2. c4 g6 3. Nc3 d5 4. cxd5 Nxd5 5. g3 Bg7 6. Bg2 Nxc3 7. bxc3 c5 8. Nf3 Nc6 9. e3 Bf5 10. 0-0 Qd7 11. Re1 0-0 12. Ba3 cxd4 13. cxd4 Rac8 14. Rc1 Rfd8 15. Qe2 Bh3 16. Bh1 Bg4 17. Qb2 h5 18. Ng5 e5 19. d5 e4 20. Qb1 Qxd5 21. Nxe4 Qa5 22. Bb2 Ne5 23. Bxe5 Bxe5 24. Qxb7 Qxa2 25. Rxc8 Rxc8 26. Ng5 Rc7 27. Qb5 Bf6 28. Ne4 Qb2 29. Qe8+ Kg7 30. Nxf6 Qxf6 31. Qa4 Qb2 32. Be4 Qd2 33. Qd4+ Qxd4 34. exd4 Re7 35. Re3 Kf8 36. Kg2 Ke8 37. h3 Bd7 38. h4 Bg4 39. Kf1 Kd8 40. Ke1 Rd7 41. d5 Re7 42. Kd2 Kd7 43. Kc3 Kd6 44. Kd4 1/2-1/2

[Event "LTU-chT (Women)"]
[Site "Vilnius"]
[Date "2016.02.07"]
[Round "5.2"]
[White "Savickiene, Viktorija"]
[Black "Semonaviciute, Agne"]
[Result "0-1"]
[WhiteElo "1955"]
[BlackElo "1794"]
[PlyCount "121"]
[EventDate "2016.01.23"]
[EventType "team-swiss"]
[EventRounds "7"]
[EventCountry "LTU"]
[SourceTitle "EXT 2017"]
[Source "ChessBase"]
[SourceDate "2016.10.25"]
[SourceVersion "1"]
[SourceVersionDate "2016.10.25"]
[SourceQuality "1"]
[WhiteTeam "Kaunas Margiris (W) II"]
[BlackTeam "Siauliai Fortuna (W)"]
[WhiteTeamCountry "LTU"]
[BlackTeamCountry "LTU"]

1. d4 Nf6 2. c4 e6 3. Nc3 Bb4 4. Qc2 Bxc3+ 5. Qxc3 Ne4 6. Qa3 Nc6 7. Nf3 Qe7 8. Qxe7+ Nxe7 9. Bf4 d6 10. e3 Ng6 11. Bg3 Nxg3 12. hxg3 b6 13. Bd3 Nf8 14. Be4 Rb8 15. Ng5 h6 16. 0-0-0 Nd7 17. Bd3 0-0 18. Nf3 c5 19. g4 f6 20. Bg6 b5 21. dxc5 Nxc5 22. cxb5 Rxb5 23. Rxd6 e5 24. g5 e4 25. Ne1 fxg5 26. f3 Bf5 27. Bxf5 Rxf5 28. Rd8+ Kh7 29. b3 Rf7 30. Rd4 exf3 31. Nxf3 Ne6 32. Rd6 Rc7+ 33. Kb2 Nf8 34. Nd2 Re5 35. Rf1 Ng6 36. Nc4 Re4 37. g3 Ne5 38. Nxe5 Rxe5 39. Rd3 Rce7 40. Re1 h5 41. Kc3 h4 42. Kd2 Re4 43. Rd4 Kg6 44. Kd3 Rxd4+ 45. Kxd4 Kf5 46. e4+ Kg4 47. gxh4 gxh4 48. Ke3 h3 49. Rg1+ Kh4 50. Rf1 g5 51. Rf8 Kg3 52. Rf3+ Kg2 53. Rf2+ Kg1 54. Rf5 Rg7 55. Rc5 h2 56. Rc1+ Kg2 57. Rc2+ Kg3 58. Rc1 Rh7 59. Kd4 h1Q 60. Rxh1 Rxh1 61. e5 0-1

[Event "LTU-chT (Women)"]
[Site "Vilnius"]
[Date "2016.01.24"]
[Round "2.2"]
[White "Savickiene, Viktorija"]
[Black "Kaspute, Vesta"]
[Result "1-0"]
[WhiteElo "1955"]
[BlackElo "2071"]
[PlyCount "55"]
[EventDate "2016.01.23"]
[EventType "team-swiss"]
[EventRounds "7"]
[EventCountry "LTU"]
[SourceTitle "EXT 2017"]
[Source "ChessBase"]
[SourceDate "2016.10.25"]
[SourceVersion "1"]
[SourceVersionDate "2016.10.25"]
[SourceQuality "1"]
[WhiteTeam "Kaunas Margiris (W) II"]
[BlackTeam "Vilnius MRU (W)"]
[WhiteTeamCountry "LTU"]
[BlackTeamCountry "LTU"]

1. d4 d5 2. c4 c6 3. Nc3 Nf6 4. Bg5 dxc4 5. e4 b5 6. e5 Nd5 7. Ne4 h6 8. Nd6+ Kd7 9. Nxf7 Qe8 10. Nxh8 hxg5 11. e6+ Kc7 12. Qe2 Nf4 13. Qe5+ Kb7 14. g3 Nxe6 15. Bg2 Nc7 16. h4 Nd7 17. Qxg5 e5 18. 0-0-0 exd4 19. Ng6 Bc5 20. Nh3 Ne6 21. Qh5 Nf6 22. Qf5 Qd8 23. Ne5 Nd5 24. Nf7 Qd7 25. Rhe1 d3 26. Ne5 Qc7 27. Nxc6 d2+ 28. Rxd2 1-0

[Event "LTU-ch (Women)"]
[Site "Vilnius"]
[Date "2012.04.25"]
[Round "2.1"]
[White "Savickiene, Viktorija"]
[Black "Daulyte Cornette, Deimante"]
[Result "0-1"]
[WhiteElo "1997"]
[BlackElo "2223"]
[PlyCount "88"]
[EventDate "2012.04.22"]
[EventType "tourn"]
[EventRounds "11"]
[EventCountry "LTU"]
[SourceTitle "CBM 148 Extra"]
[Source "ChessBase"]
[SourceDate "2012.06.22"]
[SourceVersion "1"]
[SourceVersionDate "2012.06.22"]
[SourceQuality "1"]

1. d4 Nf6 2. g3 g6 3. Bg2 d5 4. Nf3 Bg7 5. 0-0 0-0 6. c4 c6 7. cxd5 cxd5 8. Nc3 Nc6 9. b3 Bf5 10. Bb2 Rc8 11. Rc1 Ne4 12. Nxe4 Bxe4 13. Bh3 Bf5 14. Bxf5 gxf5 15. Qd3 e6 16. Ba3 Re8 17. h4 Bh6 18. e3 Qa5 19. Bd6 Red8 20. Be5 Nxe5 21. Nxe5 f6 22. Nf3 Bf8 23. Nh2 Rc7 24. Kh1 Rdc8 25. Rxc7 Qxc7 26. g4 Bd6 27. f4 fxg4 28. Nxg4 f5 29. Nf6+ Kh8 30. Qe2 Qe7 31. Nh5 Qxh4+ 32. Qh2 Qxh2+ 33. Kxh2 Kg8 34. Rg1+ Kf8 35. Nf6 Kf7 36. Nh5 Rc2+ 37. Kh3 Bf8 38. Ng3 Rxa2 39. Rc1 Bd6 40. Rc8 Rb2 41. Rd8 Ke7 42. Rh8 Rxb3 43. Rxh7+ Kd8 44. Kh4 Be7+ 0-1

[Event "Vilnius op"]
[Site "Vilnius"]
[Date "2011.11.27"]
[Round "9"]
[White "Savickiene, Viktorija"]
[Black "Rositsan, Boris"]
[Result "0-1"]
[WhiteElo "1999"]
[BlackElo "2185"]
[PlyCount "76"]
[EventDate "2011.11.19"]
[EventType "swiss"]
[EventRounds "9"]
[EventCountry "LTU"]
[SourceTitle "CBM 145 Extra"]
[Source "ChessBase"]
[SourceDate "2012.01.03"]
[SourceVersion "1"]
[SourceVersionDate "2012.01.03"]
[SourceQuality "1"]

1. d4 f5 2. g3 Nf6 3. Bg2 e6 4. c4 Be7 5. Nf3 0-0 6. 0-0 d6 7. b3 Ne4 8. Bb2 Bf6 9. Qc2 Nc6 10. a3 e5 11. e3 a5 12. Rd1 Qe8 13. d5 Ne7 14. Nc3 Ng5 15. Nxg5 Bxg5 16. c5 f4 17. cxd6 cxd6 18. exf4 exf4 19. Ne4 Qg6 20. Qc3 Bg4 21. f3 fxg3 22. fxg4 gxh2+ 23. Kh1 Bf4 24. Qh3 Rac8 25. Nc3 h6 26. Be4 Rxc3 27. Qg2 Qf6 28. Rd3 Be5 29. Bxc3 Bxc3 30. Rad1 Be5 31. Rf3 Bf4 32. Bb1 Qg5 33. Rc3 Re8 34. Rcd3 Ng6 35. Rd4 Nh4 36. Qc2 Qxg4 37. Rf1 Re1 38. Rdxf4 Qg1+ 0-1

[Event "Vilnius op"]
[Site "Vilnius"]
[Date "2011.11.23"]
[Round "5"]
[White "Mindel, Zalman"]
[Black "Savickiene, Viktorija"]
[Result "1/2-1/2"]
[WhiteElo "1930"]
[BlackElo "1999"]
[PlyCount "56"]
[EventDate "2011.11.19"]
[EventType "swiss"]
[EventRounds "9"]
[EventCountry "LTU"]
[SourceTitle "CBM 145 Extra"]
[Source "ChessBase"]
[SourceDate "2012.01.03"]
[SourceVersion "1"]
[SourceVersionDate "2012.01.03"]
[SourceQuality "1"]

1. d3 d5 2. Nd2 e5 3. e4 Nf6 4. Ngf3 Nc6 5. Be2 Bc5 6. c3 a5 7. 0-0 0-0 8. exd5 Nxd5 9. Nc4 Re8 10. Re1 b5 11. Ncd2 Bb6 12. Nf1 b4 13. Qc2 Bf5 14. Ne3 Nxe3 15. Bxe3 Bxe3 16. fxe3 e4 17. Nd4 Nxd4 18. exd4 Qg5 19. Kh1 Re6 20. dxe4 Bxe4 21. Bd3 Bxd3 22. Qxd3 Rae8 23. Rxe6 Rxe6 24. Rf1 h5 25. h3 h4 26. Qf3 Rf6 27. Qa8+ Kh7 28. Rxf6 Qxf6 1/2-1/2

[Event "Panevezys op-A 24th"]
[Site "Panevezys"]
[Date "2011.08.13"]
[Round "6"]
[White "Tsiganova, Monika"]
[Black "Savickiene, Viktorija"]
[Result "1-0"]
[WhiteElo "2161"]
[BlackElo "2001"]
[PlyCount "69"]
[EventDate "2011.08.09"]
[EventType "swiss"]
[EventRounds "9"]
[EventCountry "LTU"]
[SourceTitle "CBM 143 Extra"]
[Source "ChessBase"]
[SourceDate "2011.08.29"]
[SourceVersion "1"]
[SourceVersionDate "2011.08.29"]
[SourceQuality "1"]

1. d4 d5 2. c4 c6 3. Nf3 Nf6 4. Qc2 g6 5. Bf4 Bf5 6. Qb3 Qb6 7. e3 Na6 8. cxd5 Nxd5 9. Be5 f6 10. Bg3 Qxb3 11. axb3 Nab4 12. Na3 e6 13. Nd2 Nd3+ 14. Bxd3 Bxd3 15. Nac4 Bb4 16. Nd6+ Bxd6 17. Bxd6 Kd7 18. Bg3 Nb4 19. Kd1 Rhc8 20. Nc4 Rd8 21. Kd2 Bf5 22. f3 g5 23. Nd6 b6 24. h4 Bg6 25. hxg5 fxg5 26. Nc4 Ke7 27. Ne5 Kf6 28. Rh6 c5 29. Nxg6 hxg6 30. Be5+ Kf7 31. Rh7+ Ke8 32. Rah1 cxd4 33. exd4 Nc6 34. Rg7 Ne7 35. Rhh7 1-0

[Event "Panevezys op-A 24th"]
[Site "Panevezys"]
[Date "2011.08.12"]
[Round "5"]
[White "Pietinen, Pekka"]
[Black "Savickiene, Viktorija"]
[Result "0-1"]
[WhiteElo "2005"]
[BlackElo "2001"]
[PlyCount "86"]
[EventDate "2011.08.09"]
[EventType "swiss"]
[EventRounds "9"]
[EventCountry "LTU"]
[SourceTitle "CBM 143 Extra"]
[Source "ChessBase"]
[SourceDate "2011.08.29"]
[SourceVersion "1"]
[SourceVersionDate "2011.08.29"]
[SourceQuality "1"]

1. e4 e6 2. d4 d5 3. Nc3 Bb4 4. e5 c5 5. a3 Bxc3+ 6. bxc3 Qa5 7. Qd2 b6 8. Nf3 Ne7 9. Bd3 Ba6 10. 0-0 Bxd3 11. Qxd3 Qa6 12. a4 Qxd3 13. cxd3 Nd7 14. Ba3 Nc6 15. Rfe1 Na5 16. Kf1 c4 17. Bb4 cxd3 18. Bxa5 bxa5 19. Reb1 Nb6 20. Ne1 Rc8 21. Ra3 Nc4 22. Ra2 d2 23. Nf3 0-0 24. Nxd2 Nxd2+ 25. Rxd2 Rxc3 26. Rb5 Rc7 27. Ke2 Rfc8 28. Rxa5 Kf8 29. f4 Ke7 30. g4 h5 31. g5 g6 32. Ke3 Rb8 33. Kf3 Rb3+ 34. Kf2 Kd7 35. Ke2 Rh3 36. Kf1 Rf3+ 37. Ke2 Rxf4 38. Ke3 Rg4 39. Rf2 Ke7 40. Rb2 Rxg5 41. Rb8 Rg2 42. Ra8 Rc3+ 43. Kf4 g5# 0-1

[Event "Panevezys op-A 24th"]
[Site "Panevezys"]
[Date "2011.08.11"]
[Round "4"]
[White "Savickiene, Viktorija"]
[Black "Zebelis, Rimantas"]
[Result "1-0"]
[WhiteElo "2001"]
[BlackElo "1888"]
[PlyCount "69"]
[EventDate "2011.08.09"]
[EventType "swiss"]
[EventRounds "9"]
[EventCountry "LTU"]
[SourceTitle "CBM 143 Extra"]
[Source "ChessBase"]
[SourceDate "2011.08.29"]
[SourceVersion "1"]
[SourceVersionDate "2011.08.29"]
[SourceQuality "1"]

1. d4 g6 2. c4 Bg7 3. Nc3 d6 4. e4 c6 5. Rb1 a5 6. Be3 Nf6 7. f3 Qc7 8. Bd3 Na6 9. a3 Nd7 10. Nge2 e5 11. d5 0-0 12. 0-0 f5 13. exf5 gxf5 14. Qd2 Nac5 15. Bc2 f4 16. Bf2 a4 17. Qd1 e4 18. Nxe4 Nxe4 19. Bxe4 Ne5 20. Qc2 Bh6 21. dxc6 bxc6 22. Nd4 Kh8 23. Rfd1 Rf7 24. Nb5 cxb5 25. Bxa8 bxc4 26. Qxa4 Bf5 27. Rbc1 Bd3 28. Bd4 Bg7 29. Kh1 Qb8 30. Bd5 Rc7 31. Bxe5 Bxe5 32. Bxc4 Bxb2 33. Bxd3 Rxc1 34. Rxc1 Bxc1 35. Qd4+ 1-0

[Event "Panevezys op-A 24th"]
[Site "Panevezys"]
[Date "2011.08.10"]
[Round "2"]
[White "Savickiene, Viktorija"]
[Black "Janulynas, Jonas"]
[Result "1-0"]
[WhiteElo "2001"]
[BlackElo "1814"]
[PlyCount "91"]
[EventDate "2011.08.09"]
[EventType "swiss"]
[EventRounds "9"]
[EventCountry "LTU"]
[SourceTitle "CBM 143 Extra"]
[Source "ChessBase"]
[SourceDate "2011.08.29"]
[SourceVersion "1"]
[SourceVersionDate "2011.08.29"]
[SourceQuality "1"]

1. d4 d5 2. c4 e6 3. Nc3 Nf6 4. cxd5 exd5 5. Bg5 Be7 6. e3 c6 7. Qc2 Nbd7 8. Bd3 h6 9. Bf4 a6 10. Nge2 c5 11. dxc5 Nxc5 12. 0-0 Be6 13. Nd4 Rc8 14. Rfd1 Nfe4 15. Bxe4 Nxe4 16. Nxe6 fxe6 17. Qa4+ b5 18. Qxa6 Nxc3 19. bxc3 Qd7 20. Rab1 Kf7 21. Qxb5 Qxb5 22. Rxb5 Rxc3 23. Be5 Rc2 24. Rb7 Rxa2 25. Rc1 Rha8 26. g3 R2a7 27. Rbc7 Rxc7 28. Rxc7 Re8 29. Kg2 Kg6 30. h4 h5 31. f3 Bf6 32. Bxf6 Kxf6 33. g4 g6 34. g5+ Ke5 35. Rg7 Kf5 36. Rf7+ Ke5 37. Rf6 d4 38. exd4+ Kxd4 39. Rxg6 e5 40. Rh6 Ke3 41. Rxh5 Rf8 42. g6 Kf4 43. Rg5 Rg8 44. g7 e4 45. fxe4 Kxe4 46. Kg3 1-0

[Event "Panevezys op-A 24th"]
[Site "Panevezys"]
[Date "2011.08.09"]
[Round "1"]
[White "Narmontas, Matas"]
[Black "Savickiene, Viktorija"]
[Result "1-0"]
[WhiteElo "2387"]
[BlackElo "2001"]
[PlyCount "59"]
[EventDate "2011.08.09"]
[EventType "swiss"]
[EventRounds "9"]
[EventCountry "LTU"]
[SourceTitle "CBM 143 Extra"]
[Source "ChessBase"]
[SourceDate "2011.08.29"]
[SourceVersion "1"]
[SourceVersionDate "2011.08.29"]
[SourceQuality "1"]

1. e4 e6 2. Nf3 c5 3. d4 d5 4. exd5 exd5 5. Bb5+ Nc6 6. 0-0 Bd6 7. dxc5 Bxc5 8. Nbd2 Nge7 9. Nb3 Bd6 10. h3 0-0 11. c3 Qc7 12. Nbd4 a6 13. Bd3 Ng6 14. Re1 Bd7 15. Be3 Nce5 16. Nxe5 Nxe5 17. Bc2 Rfe8 18. Nf5 Bxf5 19. Bxf5 Qc6 20. Bd4 Ng6 21. Qf3 Rxe1+ 22. Rxe1 Re8 23. Rxe8+ Qxe8 24. g3 Qb5 25. Bd3 Qc6 26. Qf5 b5 27. h4 Bc7 28. Qc8+ Nf8 29. Be5 Qe6 30. Qxc7 1-0

[Event "Klaipeda Sea op 08th"]
[Site "Klaipeda"]
[Date "2011.07.29"]
[Round "7"]
[White "Dienine, Daiva"]
[Black "Savickiene, Viktorija"]
[Result "1/2-1/2"]
[WhiteElo "2045"]
[BlackElo "2001"]
[PlyCount "29"]
[EventDate "2011.07.25"]
[EventType "swiss"]
[EventRounds "9"]
[EventCountry "LTU"]
[SourceTitle "EXT 2012"]
[Source "ChessBase"]
[SourceDate "2011.11.24"]
[SourceVersion "1"]
[SourceVersionDate "2011.11.24"]
[SourceQuality "1"]

1. d4 d5 2. Nf3 Nf6 3. e3 c6 4. Bd3 Bg4 5. Nbd2 e6 6. 0-0 Nbd7 7. Re1 Bd6 8. e4 dxe4 9. Nxe4 Nxe4 10. Bxe4 Nf6 11. Bg5 Be7 12. Bxf6 Bxf6 13. c3 Bxf3 14. Qxf3 0-0 15. Rad1 1/2-1/2

[Event "Plunge op 31st"]
[Site "Plunge"]
[Date "2011.07.24"]
[Round "9"]
[White "Velioniskis, Robertas"]
[Black "Savickiene, Viktorija"]
[Result "0-1"]
[WhiteElo "1923"]
[BlackElo "2001"]
[PlyCount "70"]
[EventDate "2011.07.19"]
[EventType "swiss"]
[EventRounds "9"]
[EventCountry "LTU"]
[SourceTitle "EXT 2012"]
[Source "ChessBase"]
[SourceDate "2011.11.24"]
[SourceVersion "1"]
[SourceVersionDate "2011.11.24"]
[SourceQuality "1"]

1. d4 d5 2. c4 c6 3. Nf3 Nf6 4. Nc3 e6 5. cxd5 exd5 6. Qc2 Be7 7. Bf4 0-0 8. h3 Nbd7 9. e3 Re8 10. Bd3 Nf8 11. g4 Bb4 12. 0-0-0 Qa5 13. Nd2 Bxc3 14. bxc3 c5 15. dxc5 Qxc5 16. Nb3 Qb6 17. Bf5 Bxf5 18. gxf5 Rac8 19. Rd3 a5 20. f3 Nh5 21. Rxd5 Nxf4 22. exf4 Qe3+ 23. Kb2 Qxf3 24. Rhd1 a4 25. Nc5 b5 26. Nb7 b4 27. c4 Re2 28. R1d2 Rxd2 29. Qxd2 Rxc4 30. Rd8 Re4 31. Rxf8+ Kxf8 32. Qd6+ Re7 33. Nc5 a3+ 34. Kb1 Qe2 35. h4 Qb2# 0-1

[Event "Plunge op 31st"]
[Site "Plunge"]
[Date "2011.07.21"]
[Round "5"]
[White "Savickiene, Viktorija"]
[Black "Poska, Karolis"]
[Result "0-1"]
[WhiteElo "2001"]
[BlackElo "1836"]
[PlyCount "118"]
[EventDate "2011.07.19"]
[EventType "swiss"]
[EventRounds "9"]
[EventCountry "LTU"]
[SourceTitle "EXT 2012"]
[Source "ChessBase"]
[SourceDate "2011.11.24"]
[SourceVersion "1"]
[SourceVersionDate "2011.11.24"]
[SourceQuality "1"]

1. d4 Nf6 2. c4 c5 3. d5 e5 4. Nc3 d6 5. e4 Be7 6. Bd3 Nbd7 7. Nge2 Nf8 8. 0-0 Ng6 9. Ng3 h5 10. Nf5 Kf8 11. h3 h4 12. Nxe7 Qxe7 13. Bg5 Nf4 14. Qf3 Rh5 15. Bxf4 exf4 16. Qxf4 g5 17. Qe3 g4 18. Be2 Rh7 19. Kh1 Bd7 20. Bd3 Rg7 21. Rae1 Re8 22. Rg1 Qe5 23. Bf1 Nh5 24. hxg4 Ng3+ 25. fxg3 hxg3 26. Qh6 Kg8 27. Be2 Rh7 28. Qh3 Rxh3+ 29. gxh3 Kg7 30. Rgf1 a6 31. Rf3 b5 32. cxb5 axb5 33. Ref1 Re7 34. Bd3 c4 35. Bb1 b4 36. Nd1 Ba4 37. b3 cxb3 38. axb3 Bb5 39. Re1 Rc7 40. Ne3 Rc3 41. Rxg3 Kg8 42. Reg1 Bd3 43. Bxd3 Rxd3 44. Nf5 Qxe4+ 45. R1g2 Rxg3 46. Nxg3 Qxd5 47. Nf5 Qxb3 48. Kh2 Qc3 49. Rg3 Qe5 50. Kg1 Qe1+ 51. Kh2 Qd1 52. Rg1 Qd2+ 53. Rg2 Qf4+ 54. Kg1 b3 55. Ne7+ Kf8 56. Nd5 Qc1+ 57. Kh2 b2 58. Rxb2 Qxb2+ 59. Kg3 Qb3+ 0-1

[Event "LTU-ch (Women)"]
[Site "Nemencine"]
[Date "2011.04.26"]
[Round "3"]
[White "Savickiene, Viktorija"]
[Black "Kalvyte, Vesta"]
[Result "0-1"]
[WhiteElo "2047"]
[BlackElo "2099"]
[PlyCount "60"]
[EventDate "2011.04.25"]
[EventType "swiss"]
[EventRounds "9"]
[EventCountry "LTU"]
[SourceTitle "CBM 142 Extra"]
[Source "ChessBase"]
[SourceDate "2011.06.27"]
[SourceVersion "1"]
[SourceVersionDate "2011.06.27"]
[SourceQuality "1"]

1. d4 Nf6 2. c4 g6 3. Nc3 d5 4. cxd5 Nxd5 5. e4 Nxc3 6. bxc3 Bg7 7. Qa4+ Nd7 8. h4 h5 9. Be3 0-0 10. Nh3 c5 11. Rd1 cxd4 12. cxd4 Nb6 13. Qb5 Bd7 14. Qg5 Ba4 15. Rc1 Bxd4 16. Be2 Bxe3 17. Qxe3 e5 18. Qh6 Qf6 19. Bxh5 Qxh4 20. g4 Qf6 21. Rg1 Rac8 22. Qe3 Rxc1+ 23. Qxc1 Rc8 24. Qe3 Qc6 25. g5 Qc1+ 26. Ke2 Qxe3+ 27. Kxe3 gxh5 28. Kd2 Rc2+ 29. Kd3 Rxa2 30. g6 Ra3+ 0-1

[Event "LTU-ch (Women)"]
[Site "Nemencine"]
[Date "2011.04.25"]
[Round "1"]
[White "Savickiene, Viktorija"]
[Black "Saumanaite, Skaiste"]
[Result "0-1"]
[WhiteElo "2047"]
[BlackElo "1686"]
[PlyCount "64"]
[EventDate "2011.04.25"]
[EventType "swiss"]
[EventRounds "9"]
[EventCountry "LTU"]
[SourceTitle "CBM 142 Extra"]
[Source "ChessBase"]
[SourceDate "2011.06.27"]
[SourceVersion "1"]
[SourceVersionDate "2011.06.27"]
[SourceQuality "1"]

1. d4 d5 2. c4 c6 3. Nf3 Nf6 4. b3 e6 5. Bb2 Nbd7 6. Nbd2 Be7 7. e3 b6 8. Bd3 a5 9. 0-0 0-0 10. Qe2 Bb7 11. Ne5 Rc8 12. Rac1 h6 13. Bb1 Ba6 14. Rfd1 Rc7 15. e4 Re8 16. Nxd7 Nxd7 17. e5 Bg5 18. Rc3 Nf8 19. Qg4 f5 20. exf6 Bxf6 21. Re3 c5 22. Nf1 Qc8 23. cxd5 exd5 24. Bf5 Qd8 25. Rh3 Be2 26. Qg3 Bxd1 27. Rxh6 Be2 28. Bc2 Rb7 29. Ne3 Ba6 30. h4 Qb8 31. Qg4 Bxd4 32. Bxd4 cxd4 0-1

[Event "Vilnius Mikenas Memorial op"]
[Site "Vilnius"]
[Date "2010.11.27"]
[Round "2"]
[White "Zhigalko, Andrey"]
[Black "Savickiene, Viktorija"]
[Result "1-0"]
[WhiteElo "2570"]
[BlackElo "2047"]
[PlyCount "52"]
[EventDate "2010.11.27"]
[EventType "swiss (rapid)"]
[EventRounds "9"]
[EventCountry "LTU"]
[SourceTitle "CBM 139 Extra"]
[Source "ChessBase"]
[SourceDate "2011.01.05"]
[SourceVersion "1"]
[SourceVersionDate "2011.01.05"]
[SourceQuality "1"]

1. e4 e6 2. d4 d5 3. Nc3 Nf6 4. e5 Nfd7 5. f4 c5 6. Nf3 Nc6 7. Be3 a6 8. Ne2 cxd4 9. Nexd4 Bc5 10. c3 Nxd4 11. cxd4 Bb4+ 12. Bd2 Qe7 13. Bd3 b5 14. Bxb4 Qxb4+ 15. Qd2 Qxd2+ 16. Kxd2 Bb7 17. Rhc1 Rc8 18. Rxc8+ Bxc8 19. Rc1 Ke7 20. b3 h6 21. g4 Kd8 22. f5 Nf8 23. a4 h5 24. Ng5 Kd7 25. Nxf7 Rg8 26. Nd6 Rh8 1-0

[Event "LTU-chT 1011"]
[Site "Lithuania"]
[Date "2010.11.20"]
[Round "4"]
[White "Sarakauskiene, Zivile"]
[Black "Savickiene, Viktorija"]
[Result "1-0"]
[WhiteElo "2164"]
[BlackElo "2053"]
[PlyCount "138"]
[EventDate "2010.11.06"]
[EventType "team-tourn"]
[EventRounds "9"]
[EventCountry "LTU"]
[SourceTitle "EXT 2012"]
[Source "ChessBase"]
[SourceDate "2011.11.24"]
[SourceVersion "1"]
[SourceVersionDate "2011.11.24"]
[SourceQuality "1"]

1. e4 e5 2. Bc4 Nc6 3. Nf3 Be7 4. 0-0 Nf6 5. d3 0-0 6. c3 d5 7. exd5 Nxd5 8. Re1 Bf6 9. Nbd2 Be6 10. Ne4 Re8 11. Nfg5 Nf4 12. Bxf4 Bxc4 13. Qh5 Bxg5 14. Bxg5 f6 15. Bxf6 gxf6 16. dxc4 Qe7 17. Re3 Kh8 18. Rh3 Rf8 19. Qf5 Qg7 20. Nc5 Ne7 21. Qh5 Qf7 22. Ne6 Qxh5 23. Rxh5 Rf7 24. Nxc7 Rd8 25. Rh3 Rd2 26. b3 Rd7 27. Nb5 a6 28. Na3 Rd2 29. c5 Nd5 30. Nc4 Rc2 31. Ne3 Nxe3 32. Rxe3 Rd7 33. Rf3 Rxa2 34. Re1 Kg7 35. g4 a5 36. g5 Rf7 37. Kg2 Rb2 38. b4 axb4 39. cxb4 Rxb4 40. gxf6+ Rxf6 41. Rxe5 Rxf3 42. Kxf3 Kf6 43. Rh5 Kg6 44. Rd5 Rc4 45. Kg3 Kf6 46. f4 Rc2 47. h4 Kg6 48. Rg5+ Kf6 49. Kf3 h6 50. Rd5 Rc3+ 51. Kg4 Rc4 52. h5 Rc3 53. Rd6+ Kg7 54. Rd7+ Kf6 55. Rxb7 Rxc5 56. Rh7 Rc1 57. Rxh6+ Kg7 58. Rg6+ Kh7 59. f5 Rg1+ 60. Kf4 Rh1 61. Kg5 Rg1+ 62. Kf6 Rf1 63. Ke6 Re1+ 64. Kf7 Re5 65. f6 Rxh5 66. Rg4 Rh1 67. Kf8 Ra1 68. Rg7+ Kh8 69. Re7 Ra6 1-0